000 01277cam a22003377a 4500
003 CHAP
005 20220329142820.0
008 040323d2003 mx b rs o00110 spa d
010 _a88183
011 _a89155
020 _a970134250X
035 _a99704
040 _cCHAP
090 _aCD-137
110 2 _aInstituto Nacional de Estadística, Geografía e Informática. México
_959304
245 1 0 _aCuaderno estadístico municipal 2002 (disco compacto) :
_bChalco Estado de México
_c/por Instituto Nacional de Estadística, Geografía e Informática
260 _aAguascalientes, Ags. :
_bInstituto Nacional de Estadística, Geografía e Informática,
_c2002.
300 _a1 disco compacto 4 3/4 plgs.
590 _aBATCH-UPD
_b10
_c20130110
_lUCH01
_h1154
590 _aBATCH-UPD
_b10
_c20130410
_lUCH01
_h0738
590 _aBATCH-UPD
_b10
_c20130914
_lUCH01
_h1826
590 _aCONVERSION
_b10
_c20130109
_lUCH01
_h1349
650 1 4 _aMéxico (Edo.)
_xCondiciones económicas.
_976824
650 1 4 _aMéxico (Edo.)
_xCondiciones sociales.
_976825
650 1 4 _aMéxico (Edo.)
_xEstadísticas.
_976829
650 1 4 _aMéxico
_xMunicipios.
_976781
901 _aBK
905 _aMayto Villalobos S.
942 _cCD
949 _aCD-137
_bBC
_cCD
_d33724000913513
_eCD
_i99704
_sb
999 _c88183
_d88183